logo

ABC 100 AÑOS 100 PORTADAS (Record no. 58632)

MARC details
000 -CABECERA
campo de control de longitud fija 00390nam a2200181Ia 4500
001 - NÚMERO DE CONTROL
campo de control 28032
005 - FECHA Y HORA DE LA ÚLTIMA TRANSACCIÓN
campo de control 20260407085120.0
008 - CÓDIGOS DE INFORMACIÓN DE LONGITUD FIJA
campo de control de longitud fija 260115s9999 xx 000 0 und d
010 ## - NÚMERO DE CONTROL DE LA BIBLIOTECA DEL CONGRESO
Número de control de LC 58632
035 ## - NÚMERO DE CONTROL DEL SISTEMA
Número de control de sistema 18351
090 ## - LOCALMENTE ASIGNADO TIPO-LC NÚMERO DE CLASIFICACIÓN (OCLC); NÚMERO DE CLASIFICACIÓN LOCAL (RLIN)
Número de clasificación (OCLC) (R) ; Numero de clasificación CALL (RLIN) (NR) 77.039
100 ## - PUNTO DE ACCESO PRINCIPAL - NOMBRE DE PERSONA
Nombre de persona ABC
245 #0 - MENCIÓN DE TÍTULO
Título ABC 100 AÑOS 100 PORTADAS
260 ## - PUBLICACIÓN, DISTRIBUCIÓN, ETC. (PIE DE IMPRENTA)
Nombre del editor distribuidor etc. LIBAÑO
Fecha de publicación distribución etc. 2003
630 ## - PUNTO DE ACCESO ADICIONAL DE MATERIA--TÍTULO UNIFORME
Título uniforme BELLAS ARTES
650 ## - PUNTO DE ACCESO ADICIONAL DE MATERIA--TÉRMINO DE MATERIA
Término de materia o nombre geográfico como elemento inicial FOTOGRAFIA
942 ## - ELEMENTOS DE PUNTO DE ACCESO ADICIONAL (KOHA)
Tipo de ítem Koha Monografías
Holdings
Estado de retiro Estado de pérdida Estado dañado No para préstamo Código de colección Localización permanente Ubicación/localización actual Ubicación en estantería Fecha de adquisición Enumeración/cronología de publicación seriada Número de inventario Número de registro Total de préstamos Signatura topográfica completa Código de barras Fecha visto por última vez Número de copia Precio válido a partir de Tipo de ítem Koha Nota pública
          Servicio de Estudios Históricos Servicio de Estudios Históricos   06/04/2003 77.039 24761 24761   18351 FH_28032 05/02/2026 1 05/02/2026 Monografías 21 CTMS, 216 PAGS DONACION DIARIO ABC